000 00644nam a22001937a 4500
005 20251108171118.0
008 250721s1987 xx 000 0 ara d
082 1 4 _a214.2/قيم
100 1 _aإبن قيم الجوزيه، أبو عبد الله محمد بن أبي بكر
245 1 0 _aحادي الأرواح إلى بلاد الأفراح /
264 1 _aعمان :
_bدار الفكر،
_c1987.
300 _a368ص.
650 1 7 _aالإسلام
650 1 7 _aالحياة الآخرة
650 1 7 _aالجنة
700 1 _aالفواعير، عبد اللطيف آل محمد
_eتحقيق
942 _2ddc
_cBK
999 _c56924
_d56924